000 00717nam a2200229 a 4500
001 BRCA_7655
005 20190320205929.0
008 260713s1956----gw-a###f##---#001-0#ger-#
041 _ager
044 _agw
050 4 _aPN4838
_b.T55 1956
100 1 _aTillmann, Hans
_918878
245 1 0 _aDie lustige Blätterwiese
_bvom humor in der presse
_cHans Tillmann ; mit zeichnungen von Claus Arnold.
260 _aDüsseldorf
_bDroste
_cc1956
300 _a254 p.
_bil., dibujos
_c18 cm.
500 _aT72
650 1 4 _aPeriodismo
_xAnécdotas, chistes, sátiras, etc.
_zAlemania
_918879
650 1 4 _aHumorismo periodístico
_zAlemania
_918880
700 1 _aArnold, Claus
_eil.
_918881
902 _aGFM
942 _2lcc
_cB
999 _c7329
_d7329